Loading...
| History - Other | 0 | 3 | 0 | 0 | 30 | 96 | 116.33 | 0 | 0 | 4.84 | 12.03 |
| History - European | 0 | 2 | 0 | 1 | 20 | 95 | 127.00 | 0 | 1 | 2.53 | 6.92 |
| Literature - European | 0 | 1 | 0 | 0 | 10 | 117 | 117.00 | 0 | 0 | 1.22 | 3.08 |
| Fine Arts - Classical Music and Opera | 0 | 0 | 0 | 0 | 0 | 0.00 | 0 | 0 | 0.00 | 0.00 | |
| History - World | 0 | 1 | 2 | 0 | 0 | 141 | 141.00 | 0 | 0 | 0.31 | 5.13 |
| Geography | 0 | 0 | 1 | 0 | -5 | 0.00 | 0 | 0 | 0.00 | 0.00 | |
| Literature - World | 0 | 0 | 1 | 0 | -5 | 0.00 | 0 | 0 | 0.00 | 0.00 | |
| Mythology | 0 | 0 | 1 | 0 | -5 | 0.00 | 0 | 0 | 0.00 | 0.00 | |
| Other Culture | 0 | 0 | 1 | 0 | -5 | 0.00 | 0 | 0 | 0.00 | 0.00 | |
| Science - Biology | 0 | 0 | 1 | 0 | -5 | 0.00 | 0 | 0 | 0.00 | 0.00 |